Pyrénées-Atlantiques... ou Pyrénées-Orientales ? - Statistiques

Statistiques générales
  • Ce quiz a été pris 3 260 fois
  • Le résultat moyen est 13 sur 20
Statistiques - réponses
Question Réponse % Correct
Se situe à environ 25 kilomètres de la ville de San Sebastian Pyrénées-Atlantiques
90%
Possède un littoral Les deux
87%
Où vous pouvez trouver Hendaye ou Urrugne Pyrénées-Atlantiques
85%
Où se situe le point le plus au sud de la France métropolitaine (corse non incluse) Pyrénées-Orientales
81%
Où est situé le pic du Canigou Pyrénées-Orientales
77%
Où agissait Iparretarrak Pyrénées-Atlantiques
73%
Le maire de sa ville préfecture est membre du Rassemblement National Pyrénées-Orientales
73%
Est frontalier de l'Andorre Pyrénées-Orientales
73%
Où la ville espagnole de Llívia est enclavée Pyrénées-Orientales
71%
A déjà accueilli un sommet du G7 Pyrénées-Atlantiques
69%
Possède une partie de l'ancien Royaume de Navarre Pyrénées-Atlantiques
68%
Où la Cerdagne s'étend en partie Pyrénées-Orientales
67%
Est le plus peuplé Pyrénées-Atlantiques
65%
Où Jean Castex a fait ses preuves en tant que maire Pyrénées-Orientales
55%
Est limitrophe de la Haute-Garonne Aucun
52%
Est le département de naissance du compositeur Maurice Ravel Pyrénées-Atlantiques
50%
A un club ayant déjà gagné le TOP 14 Les deux
47%
A un club de football professionnel Pyrénées-Atlantiques
41%
A changé de nom au XXème siècle Pyrénées-Atlantiques
38%
A sa préfecture située au bord de la mer Aucun
34%
Aucun quiz correspondant
Distribution des résultats
% des personnes avec chaque résultat
Percentile par nombre de réponses
Votre historique - résultats
Vous n’avez pas pris ce quiz